Siyasal ve toplumsal olaylara bakarken psikolojiden bir kilit kavram (Record no. 2781)

MARC details
000 -BAŞLIK
Sabit Uzunlukta Kontrol Alanı 00687na a2200265 4500
001 - KONTROL NUMARASI
Denetim Alanı 13385
003 - KONTROL NUMARASI IDENTIFIER
Denetim Alanı MIRAKIL
005 - SON İŞLEM TARİHİ VE ZAMANI
Denetim Alanı 20181213154909.0
008 - SABİT-BOY VERİ ELEMANLARI - GENEL BİLGİLER
Sabit Uzunlukta Kontrol Alanı 161012b tu 000 0
020 ## - ULUSLARARASI STANDART KİTAP NUMARASI
Uluslararası Standart Kitap Numarası 9786056390357
035 ## - SİSTEM KONTROL NUMARASI
Sistem Kontrol Numarası 13385
040 ## - KATALOGLAMA KAYNAK
Orijinal Kataloglama Ajansı Milas
Kataloglama Dili tur
Metne Dönüştürmek Ajansı TR-AnCHP
041 ## - DİL KODU
Metin / Ses Parça Veya Ayrı Başlığın Dil Kodu tur
082 ## - DEWEY ONLU SINIFLANDIRMA NUMARASI
Sınıflandırma Numarası 152.4
Ürün Numarası G74s 2013
090 ## - SINIFLAMA NUMARASI
Sınıflama Numarası 152.4 G74s 2013
100 ## - ANA GİRİŞ - KİŞİSEL İSİM
Kişisel Ad Göka, Erol
245 ## - BAŞLIK TABLOSU
Başlık Siyasal ve toplumsal olaylara bakarken psikolojiden bir kilit kavram
Başlığın Kalan Fanatizm
Sorumluluk Tablosu, Vb Erol Göka
246 ## - UNVAN FORM VARYING
Başlık Doğru / Kısa Başlığı Fanatizm
260 ## - YAYIN, DAĞITIM, VB
Yayın, Dağıtım, Vb Yeri Ankara
Yayıncı, Dağıtıcı, Vs Adı ASEM
Yayın, Dağıtım, Vb Tarihi 2013
300 ## - FİZİKSEL TANIM
Kapsam 32 s.
Diğer Fiziksel Ayrıntıları res.
Boyutlar 28 cm.
650 ## - KONU KATMA GİRİŞ - TOPİKAL DÖNEM
Topikal Süreli Veya Coğrafi Ad Giriş Elemanı Sosyal psikoloji
650 ## - KONU KATMA GİRİŞ - TOPİKAL DÖNEM
Topikal Süreli Veya Coğrafi Ad Giriş Elemanı Fanatizm
650 ## - KONU KATMA GİRİŞ - TOPİKAL DÖNEM
Topikal Süreli Veya Coğrafi Ad Giriş Elemanı Psikoloji
942 ## - EKLENDİ GİRİŞ ELEMANLARI (KOHA)
Sınıflandırma Veya Raf Düzeni Kaynak Dewey Decimal Classification
Koha Öğesi Türü Books
999 ## - SİSTEM KONTROL NUMARALARI (KOHA)
Koha Biblionumber 2781
Koha Biblioitemnumber 2781
Holdings
Kalıcı Konum Mevcut Konum Edinme Tarihi Edinim Kaynak Toplam Check-Out'Lar Tam Çağrı Numarası Barkod Tarih Son Görülme İtibaren Geçerli Fiyatlar Koha Öğesi Türü
CHP Kütüphanesi CHP Kütüphanesi 08/13/2016 Bağış   152.4 G74s 2013 000765 08/13/2016 08/13/2016 Books